MARC

LEADER 00000nam0a2200000 4500
001 139703
005 20231101220819.0
010 |a 5020292583 
020 |a RU  |b 91-38593 
035 |a (RuTPU)RU\TPU\book\151338 
090 |a 139703 
100 |a 20080610d1991 m a0rusy5003 ca 
101 0 |a rus 
102 |a RU 
105 |a a z 001zy 
200 1 |a Химия полифтораренов: механизм реакций, интермедиаты  |f В. Д. Штейнгарц [и др.]  |g Академия наук СССР (АН СССР), Сибирское отделение (СО), Новосибирский институт органической химии 
210 |a Новосибирск  |c Наука  |d 1991 
215 |a 268,[4] с.  |c ил.  |d 22 см 
320 |a Библиогр. в конце глав 
606 1 |a Ароматические соединения, фторпроизводные  |x Химия  |2 stltpush  |3 (RuTPU)RU\TPU\subj\76583  |9 87586 
610 1 |a полифторароматические соединения 
610 1 |a реакции 
610 1 |a фтор 
610 1 |a органические соединения 
610 1 |a генерирование 
610 1 |a строение 
610 1 |a полярность 
610 1 |a взаимодействие 
610 1 |a ароматические соединения 
675 |a 547.53  |z rus 
701 1 |a Штейнгарц  |b В. Д. 
701 1 |a Кобрина  |b Л. С. 
701 1 |a Билькис  |b И. И. 
701 1 |a Стариченко  |b В. Ф. 
712 0 2 |a Академия наук СССР (АН СССР)  |b Сибирское отделение (СО)  |b Новосибирский институт органической химии  |2 stltpush  |3 (RuTPU)RU\TPU\col\13404 
801 0 |a RU  |b RuMRKP  |c 19950417  |g psbo 
801 1 |a RU  |b 63413507  |c 20080610  |g PSBO 
801 2 |a RU  |b 63413507  |c 20170629  |g PSBO 
942 |c BK